| 000 | 00446nam a22001577a 4500 | ||
|---|---|---|---|
| 005 | 20240308124827.0 | ||
| 008 | 240308b |||||||| |||| 00| 0 eng d | ||
| 022 | _a02577747 | ||
| 041 | _aAfrikaans / English | ||
| 082 | _a349 TYD | ||
| 100 | _lAfrikaans / English | ||
| 245 | _aTydskrif vir die Suid-Afrikaanse Reg | ||
| 260 |
_a159 blaadsye ; _b25 cm. |
||
| 650 |
_aLegal practice _bLaw |
||
| 942 |
_cCR _6ALISON_BN_VRIES |
||
| 999 |
_c1423 _d1423 |
||